Catalog

Record Details

Catalog Search



The Beach House : a novel  Cover Image Book Book

The Beach House : a novel / by James Patterson and Peter de Jonge.

Patterson, James, 1947- (Author). De Jonge, Peter. (Added Author).

Summary:

Jack Mullen is a driven student of the law. His brother Peter is a servant of the rich, parking the cars of the Hamptons' elite --- and perhaps satisfying their more intimate needs as well. Then Peter's body is found on the beach. Jack knows the drowning was no accident, but someone's unlimited power and money have bought the cops, the judges, the system. Now Jack is learning a lesson in justice he never got in law school ... and his astonishing plan to beat the billionaires will have you reeling --- and cheering --- to the very last page.

Record details

  • ISBN: 9780446612548
  • ISBN: 0446612545
  • Physical Description: 364 pages ; 18 cm.
  • Edition: 1st large print ed.
  • Publisher: [New York] : Little, Brown & Co., 2002.
Subject: Drowning victims > Fiction.
Seaside resorts > Fiction.
Rich people > Fiction.
Brothers > Fiction.
Suspense fiction.
East Hampton (New York) > Fiction.
Genre: Thrillers (Fiction)
Detective and mystery fiction.

Available copies

  • 1 of 1 copy available at scottsboropl.

Holds

  • 0 current holds with 1 total copy.
Show Only Available Copies
Location Call Number / Copy Notes Barcode Shelving Location Status Due Date
scottsboropl F Pat 32269001124406 Adult - Fiction Available -

LDR 01025cam a2200313 a 4500
001120884
003SBPL
00520160302124158.0
008080528s2003 nyu e 000 1 eng d
020 . ‡a9780446612548 ‡q(paperback)
020 . ‡a0446612545 ‡q(paperback)
035 . ‡a(CONS)120884
035 . ‡a(CPomAG)LMN431453
05014. ‡aPS3566.A822 ‡bB43 2003
08204. ‡a813/.54 ‡221
1001 . ‡aPatterson, James, ‡d1947-
24514. ‡aThe Beach House : ‡ba novel / ‡cby James Patterson and Peter de Jonge.
250 . ‡a1st large print ed.
260 . ‡a[New York] : ‡bLittle, Brown & Co., ‡c2002.
300 . ‡a364 pages ; ‡c18 cm.
336 . ‡atext ‡btxt ‡2rdacontent
337 . ‡aunmediated ‡bn ‡2rdamedia
338 . ‡avolume ‡bnc ‡2rdacarrier
520 . ‡aJack Mullen is a driven student of the law. His brother Peter is a servant of the rich, parking the cars of the Hamptons' elite --- and perhaps satisfying their more intimate needs as well. Then Peter's body is found on the beach. Jack knows the drowning was no accident, but someone's unlimited power and money have bought the cops, the judges, the system. Now Jack is learning a lesson in justice he never got in law school ... and his astonishing plan to beat the billionaires will have you reeling --- and cheering --- to the very last page.
650 0. ‡aDrowning victims ‡vFiction.
650 0. ‡aSeaside resorts ‡vFiction.
650 0. ‡aRich people ‡vFiction.
650 0. ‡aBrothers ‡vFiction.
650 0. ‡aSuspense fiction.
651 0. ‡aEast Hampton (New York) ‡vFiction.
655 7. ‡aThrillers (Fiction) ‡2lcgft
655 7. ‡aDetective and mystery fiction. ‡2lcgft
7001 . ‡aDe Jonge, Peter.
901 . ‡a120884 ‡bUnknown ‡c120884 ‡tbiblio

Additional Resources